Řízení rizik a kapitálové požadavky ve finančních sektorech

Porovnanie činností niektorých sektorov (bankovníctvo, poisťovníctvo, obchodovanie s finančnými nástrojmi) a rizík s nimi spojených. Prístupy k riadeniu rizík. Formy obmedzovania rizík (riziko úverové, trhové, likvidity, úrokové, technické, operačné). Konsolidácia rizík.

Saved in:
Bibliographic Details
Main Author: Litošová, Radka
Other Authors: Rýdl, Tomáš, Svobodová, Jitka
Format: Book Chapter
Language:Czech
Subjects:
Tags: Add Tag
No Tags, Be the first to tag this record!

MARC

LEADER 00000naa a2200000 4500
001 r048520
005 20231004072932.9
041 0 |a cze 
044 |a CZ 
245 1 0 |a Řízení rizik a kapitálové požadavky ve finančních sektorech  |c Radka Litošová, Tomáš Rýdl, Jitka Svobodová 
520 |a Porovnanie činností niektorých sektorov (bankovníctvo, poisťovníctvo, obchodovanie s finančnými nástrojmi) a rizík s nimi spojených. Prístupy k riadeniu rizík. Formy obmedzovania rizík (riziko úverové, trhové, likvidity, úrokové, technické, operačné). Konsolidácia rizík. 
610 2 0 |a bankovníctvo 
610 2 0 |a poisťovníctvo 
610 2 0 |a risk management 
610 2 0 |a riziko úverové 
610 2 0 |a riziko likvidity 
610 2 0 |a riziko operačné 
610 2 0 |a riziko trhové 
610 2 0 |a riziko 
610 2 0 |a konsolidácia 
100 1 |a Litošová, Radka 
700 1 |a Rýdl, Tomáš 
700 1 |a Svobodová, Jitka